01066nam a2200277 a 4500001001000000005001700010008004100027041000800068044000700076084002000083100004500103245004500148260003200193300003200225500009400257500006400351500005900415500001200474546002200486650005200508650005600560650003400616650004500650700004300695740005000738BRCA_298920190320204047.0231208s1938----ci-a---###---#000-0#scr-u ascr aci a312b.N37c19381 aCervantes Saavedra, Miguel ded1547-161610aDon KihotcMiguel de Cervantes Saavedra. aZagrebbNasa Djecac[1938?] a2 v.bil. (a color)c20 cm. aContenido : Edición compendiada para los niños con excelentes ilustraciones a colores aEdición : Priredio Mate Ujevic. Ilustrirao Vladimir Kirin aEjemplar por completo igual al LO-311 Lúdovik Osterc aQMR121? aTexto en : croata14aNovela españolayÉpoca clásica, 1500-170014aLiteratura españolayÉpoca clásica, 1500-170014aNovela españolaySiglo XVII14aDon Quijote (Personaje ficticio)eNovela1 aKirin, Vladimird1894-1963eIlustrador0 aEl Ingenioso Hidalgo Don Quijote de la Mancha